000 00799nam a2200301Ia 4500
001 4517
003 IT-RoPAU
008 130308s9999 xx 000 0 und d
040 _aIT-RoPAU
040 _cIT-RoPAU
041 _aITALIANO
100 _aPinelli Carlo Alberto
100 _gCodice Aut. SPICS: 2557
245 _aMessaggio (Il)
245 _bDio sotto la pelle (Il)
250 _a1a ed.
260 _aBERGAMO
260 _bMinerva Italica
260 _c1974 [1° Ed.:1974 - Ed.Ling.Originale:1974]
300 _a"42 p. (prefazione: no ; testo: 42 [pagine: 23-64])"
500 _aNatura e Uomo inquinamento Problema del Mare
650 _aAUTORI/OPERE DEL CINEMA
650 _eCodice materia Spics: 6807
942 _cBK
957 _71
999 _c52908
_d52908
999 _bSI
999 _g1